000 00914nam a2200277 i 4500
001 000035908
003 DO-SdBNP
005 20241025142941.0
007 ta
008 111115s2011 dr r 000 0 spa d
020 _a9789945462272
040 _aDO-SdBNP
_bspa
_cBNPHU
_erda
082 4 _axxxx
_bxxx
_222
110 1 _aRepública Dominicana
_bComisión Permanente de Efemérides Patria
_945309
245 1 0 _a4 Poemas heroicos :
_bun ensayo un discurso /
246 1 0 _aCuatro poemas heroicos.
250 _aSegunda edición
264 4 _aSanto Domingo :
_bEditora Comisión Permanente de Efemérides Patrias,
_c2011.
300 _a91 páginas ;
_c23 cm.
336 _atexto
_btxt
_2rdacontent
337 _asin mediación
_bn
_2rdamedia
338 _avolumen
_bnc
_2rdacarrier
490 1 _a50 Aniversario del ajusticiamiento de Trujillo 1961-2011
_v1
590 _aInventariado, 2024/BT
942 _2ddc
_cLBS1
999 _c35399
_d35399